| 000 | 00413nam a22001697a 4500 | ||
|---|---|---|---|
| 008 | 180625b xxu||||| |||| 00| j tur d | ||
| 020 | _a9789752935761 | ||
| 041 | _atur | ||
| 050 | _aPL248.T878 | ||
| 100 |
_aTürker, Sibel K. _91179 |
||
| 245 | _aAğula | ||
| 250 | _a1.Baskı | ||
| 260 |
_aİstanbul _bDoğan Kitap _cHaziran 2007 |
||
| 300 | _a134 Sayfa | ||
| 650 | 0 |
_9145 _aTürk Edebiyatı |
|
| 942 |
_2lcc _cBK |
||
| 999 |
_c2250 _d2210 |
||